LDR 00832naa#a2200169#i#450# 001 RU\\bibl\124889 005 20260604204950.4 011 ## _a2221-3260 100 ## _a20260331b2026####ek#y0rusy0150####ca 102 ## _aRU 200 1# _aДетерминанты развития малого и среднего предпринимательства в России: обзор литературных источников (часть 1) _eЖурнальная статья 210 1# _aЯрославль _cЯрославский государственный технический университет _d2026 215 ## _a9 с. 608 ## _aЖурнальная статья _2local 700 #1 _aШкиотов _gСергей Владимирович 700 #1 _aЗагидуллин _gДамир Маратович 856 4# _atheoreticaleconomy.ru _u